| 000 | 01240nam a22002777a 4500 | ||
|---|---|---|---|
| 001 | 39849 | ||
| 003 | BD-RjUL | ||
| 005 | 20211209053055.0 | ||
| 008 | 160419m20142012bg a|||| |||| 00| 0 ben d | ||
| 020 |
_a9840750097 (V-1) _c: Tk. 325.00 |
||
| 020 |
_a9840752507 (V-2) _c: Tk. 325.00 |
||
| 035 | _a(BD-RjUL)39963 | ||
| 040 |
_aBD-RjUL _bben _cBD-RjUL |
||
| 041 | _aben | ||
| 082 |
_223 _a891.4408 _bDAR 2012-2014 |
||
| 100 |
_aদাশগুপ্ত, রণেশ _9119541 |
||
| 245 | 1 | 0 |
_aরণেশ দাশগুপ্ত রচনাবলি / _cরণেশ দাশগুপ্ত ; সম্পাদনা সৌমিত্র শেখর |
| 246 | _aরণেশ দাশগুপ্ত রচনাসমগ্র (২য় খণ্ড) | ||
| 260 |
_aঢাকা : _bবাংলা একাডেমী, _c২০১২-২০১৪ |
||
| 300 |
_a২ খণ্ড : _bচিত্র ; _c২২ সেমি. |
||
| 505 | _aখণ্ড -- ১ -- খণ্ড -- ২ | ||
| 650 |
_aবাংলা সাহিত্য _9122769 _vরচনাবলি |
||
| 650 |
_aBengali Literature _9122770 _vCollected Works |
||
| 700 |
_aশেখর, সৌমিত্র, সম্পাদক _9122771 |
||
| 942 |
_2ddc _cBK _02 |
||
| 999 |
_c39849 _d39849 |
||